[Event "Memorial Tal - Blitz"]
[Site "Mosca"]
[Date "05.03.2018"]
[Round "9B"]
[White "Grischuk,A"]
[Black "Kramnik,V"]
[Result "1-0"]
[WhiteElo "2767"]
[BlackElo "2800"]
[EventDate "2018.03.02"]

1. Nf3 d5 2. e3 Nf6 3. c4 e6 4. Nc3 Be7 5. b3 O-O 6. Bb2 dxc4 7. bxc4 c5 8.
Rg1 Nc6 9. g4 a6 10. g5 Ne8 11. h4 Nd6 12. h5 f5 13. Be2 Rb8 14. a4 Bd7 15.
d4 cxd4 16. exd4 Ne4 17. Nxe4 fxe4 18. Nd2 Qa5 19. Qb3 Rxf2 20. Qe3 Rf5 21.
O-O-O Qxa4 22. Nxe4 Nb4 23. Rd2 Rc8 24. Nc5 Rcxc5 25. dxc5 Bxc5 26. Qg3
Bxg1 27. Qxg1 Qc6 28. Qd4 Rf7 29. g6 hxg6 30. hxg6 Re7 31. Qh4 Na2+ 32. Kb1
Nc3+ 33. Bxc3 Qb6+ 34. Kc1 Qg1+ 35. Bd1 1-0

[Event "Memorial Tal - Blitz"]
[Site "Mosca"]
[Date "05.03.2018"]
[Round "10B"]
[White "Nakamura,Hi"]
[Black "Kramnik,V"]
[Result "1-0"]
[WhiteElo "2787"]
[BlackElo "2800"]
[EventDate "2018.03.02"]

1. b3 d5 2. Bb2 Nf6 3. Nf3 Bg4 4. g3 Nbd7 5. Bg2 e6 6. O-O Bd6 7. d3 O-O 8.
Nbd2 Qe7 9. a3 c6 10. h3 Bh5 11. e4 dxe4 12. dxe4 Be5 13. c3 Rad8 14. Qc2
Bc7 15. a4 Rfe8 16. Rfe1 e5 17. a5 h6 18. Nh4 Qe6 19. b4 Nf8 20. c4 Qd7 21.
Nb3 Ne6 22. g4 Nxg4 23. hxg4 Bxg4 24. f3 Qe7 25. Qf2 Qxb4 26. Re3 Bh5 27.
Ba3 Qxc4 28. Bf1 Qa4 29. Bf8 Qxa1 30. Nxa1 Bxa5 31. Ba3 Bb6 32. Qe1 Nf4 33.
Bc1 Re6 34. Kh2 Red6 35. Be2 g6 36. Nc2 Nxe2 37. Qxe2 Rd1 38. Ng2 Rxc1 39.
Rd3 Rxd3 40. Qxd3 Bxf3 41. Qxf3 Rxc2 42. Qf6 Bd4 43. Kh3 Rf2 44. Qd8+ Kg7
45. Nh4 b5 46. Kg3 b4 47. Nf3 Bb6 48. Qe7 b3 49. Qxe5+ Kh7 50. Qe7 Kg7 51.
Qe5+ Kg8 52. Qe8+ Kg7 53. Qxc6 b2 54. Qc3+ Kh7 55. Qb3 Kg8 56. e5 Re2 57.
e6 Bc7+ 58. Kh3 Rxe6 59. Qxb2 Bb6 60. Qc2 a5 61. Qc4 Kg7 62. Kg2 Kg8 63.
Qc3 Re2+ 64. Kf1 Re6 65. Qc4 Kg7 66. Qc3+ Kg8 67. Ne5 a4 68. Nd7 Rd6 69.
Nf6+ Kf8 70. Qb4 1-0

[Event "Memorial Tal - Blitz"]
[Site "Mosca"]
[Date "05.03.2018"]
[Round "10B"]
[White "Artemiev,V"]
[Black "Grischuk,A"]
[Result "1-0"]
[WhiteElo "2697"]
[BlackElo "2767"]
[EventDate "2018.03.02"]

1. e4 e5 2. Bc4 Nf6 3. d3 Bc5 4. Nf3 d6 5. O-O Nc6 6. c3 a6 7. a4 h6 8. Re1
O-O 9. Nbd2 a5 10. Nf1 Be6 11. Qb3 Qd7 12. Be3 Bxc4 13. Qxc4 Bxe3 14. Nxe3
Ne7 15. Rad1 Rfe8 16. g3 Ng6 17. Kg2 c6 18. Qb3 d5 19. c4 d4 20. Nf5 c5 21.
h3 Qc7 22. Nh2 Nf8 23. Ng4 N6h7 24. Qc2 h5 25. Nh2 g6 26. Nh4 Ne6 27. Qd2
Kg7 28. Rf1 Qe7 29. Qe1 Qg5 30. Kh1 Rf8 31. Rg1 Kh8 32. Qe2 Ra6 33. Rdf1
Rb6 34. Rg2 Qh6 35. N2f3 f6 36. Qc2 Rb4 37. Ng1 Rg8 38. Ne2 Qg5 39. Nf3 Qh6
40. Nh4 Qg5 41. Kh2 Nhf8 42. f4 exf4 43. Nxf4 Nxf4 44. Rxf4 Nd7 45. Rf1 Rf8
46. Rgf2 Ne5 47. Ng2 Qh6 48. Nf4 Rb6 49. Nd5 Re6 50. Nxf6 Re7 51. Nd5 Ref7
52. Rxf7 Rxf7 53. Rxf7 Nxf7 54. Qf2 Ne5 55. Qf6+ Kh7 56. Qe7+ Qg7 57. Nf6+
Kh6 58. Qxe5 1-0

[Event "Memorial Tal - Blitz"]
[Site "Mosca"]
[Date "05.03.2018"]
[Round "10B"]
[White "Morozevich,A"]
[Black "Andreikin,D"]
[Result "1/2-1/2"]
[WhiteElo "2665"]
[BlackElo "2712"]
[EventDate "2018.03.02"]

1. e4 c5 2. b3 g6 3. Bb2 Nf6 4. e5 Nd5 5. Qf3 Nb4 6. Na3 Bg7 7. e6 f6 8. c3
N4c6 9. Qe3 dxe6 10. Qxc5 e5 11. Qe3 Nd7 12. h4 f5 13. h5 Nf6 14. h6 Bf8
15. Bb5 Ng4 16. Qe2 Bd7 17. O-O-O Nxh6 18. Nf3 Nf7 19. Bxc6 Bxc6 20. Nxe5
Bg7 21. Nxc6 bxc6 22. Nc4 a5 23. Ba3 a4 24. Qe6 axb3 25. Qxc6+ Kf8 26. axb3
Ne5 27. Bxe7+ Kxe7 28. Rhe1 Ra1+ 29. Kc2 Qd3+ 30. Kb2 Rxd1 31. Qc7+ Qd7 32.
Rxe5+ Bxe5 33. Qxe5+ Kf7 34. Qxh8 Rxd2+ 35. Nxd2 Qxd2+ 36. Ka3 Qxf2 37.
Qxh7+ Kf6 38. Qb7 Qc5+ 39. Qb4 Qa7+ 40. Qa4 Qc5+ 41. Qb4 Qa7+ 1/2-1/2

[Event "Memorial Tal - Blitz"]
[Site "Mosca"]
[Date "05.03.2018"]
[Round "10B"]
[White "Anand,V"]
[Black "Gelfand,B"]
[Result "1/2-1/2"]
[WhiteElo "2776"]
[BlackElo "2695"]
[EventDate "2018.03.02"]

1. e4 c5 2. Nf3 d6 3. d4 cxd4 4. Nxd4 Nf6 5. Nc3 a6 6. g3 e5 7. Nde2 Be7 8.
Bg2 O-O 9. O-O b5 10. Nd5 Nxd5 11. Qxd5 Ra7 12. Be3 Rb7 13. b3 Nd7 14. Qd2
Nf6 15. Nc3 Be6 16. a4 Ng4 17. axb5 Nxe3 18. Qxe3 axb5 19. Rfd1 Qc8 20. Bf1
Rc7 21. Nd5 Bxd5 22. Rxd5 Rxc2 23. Rxb5 d5 24. exd5 Bc5 25. Rxc5 Qxc5 26.
Qxc5 Rxc5 27. Bc4 Rd8 28. Kg2 Kf8 29. Kf3 f5 30. Ra6 Rcxd5 31. Bxd5 1/2-1/2

[Event "Memorial Tal - Blitz"]
[Site "Mosca"]
[Date "05.03.2018"]
[Round "10B"]
[White "Svidler,P"]
[Black "Dubov,Daniil"]
[Result "1/2-1/2"]
[WhiteElo "2760"]
[BlackElo "2701"]
[EventDate "2018.03.02"]

1. Nf3 g6 2. e4 d6 3. d4 Nf6 4. Nc3 Bg7 5. Be2 O-O 6. O-O a6 7. a4 Nc6 8.
h3 e6 9. Be3 b6 10. e5 dxe5 11. Nxe5 Bb7 12. Bf3 Nd5 13. Nxd5 exd5 14. Nxc6
Bxc6 15. a5 b5 16. Qd2 Re8 17. Bf4 Bb7 18. Rfe1 Qd7 19. Bg4 f5 20. Bf3 c6
21. b4 Rxe1+ 22. Rxe1 Re8 23. Be5 Bf8 24. c3 Bc8 25. Bd1 Qf7 26. Bc2 h5 27.
Kf1 Kh7 28. Bf4 Rxe1+ 29. Qxe1 Qe6 30. Qxe6 1/2-1/2

[Event "Memorial Tal - Blitz"]
[Site "Mosca"]
[Date "05.03.2018"]
[Round "10B"]
[White "Karjakin,Sergey"]
[Black "Mamedyarov,S"]
[Result "1/2-1/2"]
[WhiteElo "2763"]
[BlackElo "2809"]
[EventDate "2018.03.02"]

1. e4 e6 2. d4 d5 3. Nc3 Bb4 4. e5 c5 5. a3 Ba5 6. b4 cxd4 7. Nb5 Bc7 8. f4
Bd7 9. Nf3 Bxb5 10. Bxb5+ Nc6 11. O-O Nge7 12. Bd3 Bb6 13. Kh1 Qd7 14. Bb2
Rc8 15. Qd2 Nf5 16. Bxf5 exf5 17. a4 a6 18. Ba3 Nd8 19. b5 Bc5 20. Bxc5
Rxc5 21. Nxd4 O-O 22. bxa6 bxa6 23. Qd3 g6 24. Qxa6 Rc4 25. Rfd1 Ne6 26.
Nxe6 Qxe6 27. Qb7 Qc6 28. Qxc6 Rxc6 29. Rxd5 Rxc2 30. a5 Ra8 31. h4 Rc4 32.
g3 Rc2 33. a6 Ra7 34. Rb5 Kg7 35. Rb7 Rxb7 36. axb7 Rb2 37. Ra7 Kh6 38.
b8=R Rxb8 39. Rxf7 Kh5 40. Kg2 Kg4 41. Rxh7 Rb2+ 42. Kf1 Kxg3 43. Rg7 Kxf4
44. Rxg6 Kxe5 1/2-1/2

[Event "Memorial Tal - Blitz"]
[Site "Mosca"]
[Date "05.03.2018"]
[Round "10B"]
[White "Nepomniachtchi,I"]
[Black "Fedoseev,Vl3"]
[Result "1-0"]
[WhiteElo "2751"]
[BlackElo "2724"]
[EventDate "2018.03.02"]

1. e4 c5 2. Nf3 d6 3. d4 cxd4 4. Nxd4 Nf6 5. Nc3 a6 6. Bg5 Nbd7 7. Bc4 h6
8. Bh4 g6 9. Qe2 e5 10. Nb3 Be7 11. a4 Nb6 12. Bd3 Be6 13. a5 Nbd7 14. Bc4
Rc8 15. Bxe6 fxe6 16. O-O g5 17. Bg3 O-O 18. Rfd1 Qe8 19. Nd2 Rc6 20. Ra4
Nc5 21. Rb4 h5 22. h3 h4 23. Bh2 Qg6 24. f3 Nh5 25. Nc4 Nf4 26. Bxf4 gxf4
27. Rb6 Rxb6 28. axb6 Qe8 29. Nxd6 Qc6 30. Nc4 Nd7 31. Kh2 Rd8 32. Rd2 Kf8
33. Qd1 Ke8 34. Nd6+ Kf8 35. Nc4 Qxc4 36. Rxd7 Rxd7 37. Qxd7 Qf1 38. Qxe6
Qf2 39. Qf5+ Ke8 40. Qg6+ Kf8 41. Na4 Qxc2 42. Qf5+ Ke8 43. b3 Qf2 44. Qc8+
Kf7 45. Qc1 Ba3 46. Qc3 Bd6 47. b4 Qd4 48. Qc8 Qf2 49. Qxb7+ Kf6 50. Qxa6
Qg3+ 51. Kg1 Qe1+ 52. Qf1 Qxb4 53. Qd1 Ke7 54. Kh2 Qb5 55. Nc3 Qb2 56. Nd5+
Ke6 57. Qe1 Bc5 58. Qxh4 Qc1 59. Qf6+ Kd7 60. Qf7+ Kc6 61. h4 Qe1 62. Qe8+
Kd6 63. Qd8+ Kc6 64. Qe8+ Kd6 65. Qg6+ Kd7 66. Qg4+ Kc6 67. Qg6+ Kb5 68.
Kh3 Qh1+ 69. Kg4 Qxg2+ 70. Kf5 Qxf3 71. b7 Ba7 72. Nc7+ Kb4 73. Qd6+ Kb3
74. Qxe5 Bb8 75. Qd5+ Kc2 76. Na6 Qh3+ 77. Kg5 f3 78. Nxb8 f2 79. Qc5+ 1-0

[Event "Memorial Tal - Blitz"]
[Site "Mosca"]
[Date "05.03.2018"]
[Round "11B"]
[White "Fedoseev,Vl3"]
[Black "Nakamura,Hi"]
[Result "1/2-1/2"]
[WhiteElo "2724"]
[BlackElo "2787"]
[EventDate "2018.03.02"]

1. e4 c5 2. Nf3 d6 3. d4 cxd4 4. Nxd4 Nf6 5. Nc3 g6 6. Bc4 Bg7 7. f3 O-O 8.
Be3 Nc6 9. Qd2 Bd7 10. O-O-O Rb8 11. Bb3 Na5 12. h4 b5 13. h5 Nc4 14. Bxc4
bxc4 15. hxg6 fxg6 16. Bh6 Qb6 17. b3 Bxh6 18. Qxh6 Qa5 19. Kb2 Rfc8 20.
Nd5 cxb3 21. axb3 Kf7 22. Qd2 Qxd2 23. Rxd2 h5 24. Nxf6 Kxf6 25. Ra1 Rb7
26. Rd3 g5 27. Rc3 Rh8 28. Ra5 h4 29. Nc6 h3 30. gxh3 Rxh3 31. e5+ dxe5 32.
Nxe5 Bf5 33. Nc6 Rh2 34. Nxa7 e6 35. Nc6 Rd7 36. Ne5 Rd5 37. Rxd5 exd5 38.
Ng4+ Bxg4 39. fxg4 d4 40. Rd3 Ke5 41. b4 Rg2 42. b5 Rxg4 43. b6 Rf4 44. c4
dxc3+ 45. Rxc3 Rf8 46. Rb3 1/2-1/2

[Event "Memorial Tal - Blitz"]
[Site "Mosca"]
[Date "05.03.2018"]
[Round "11B"]
[White "Mamedyarov,S"]
[Black "Nepomniachtchi,I"]
[Result "1/2-1/2"]
[WhiteElo "2809"]
[BlackElo "2751"]
[EventDate "2018.03.02"]

1. d4 d5 2. c4 e5 3. dxe5 d4 4. Nf3 Nc6 5. a3 Nge7 6. Bg5 Bg4 7. Nbd2 h6 8.
Bh4 g5 9. Bg3 Nf5 10. Qc2 Qe7 11. Qe4 h5 12. h3 Nxg3 13. fxg3 Bd7 14. e3
dxe3 15. Qxe3 g4 16. hxg4 Bxg4 17. Be2 O-O-O 18. Qc3 Bg7 19. O-O-O Nxe5 20.
Qc2 Nc6 21. Bd3 Kb8 22. Rhe1 Qf6 23. Ne4 Qh6+ 24. Kb1 Nd4 25. Qf2 Qb6 26.
Neg5 Rhe8 27. Nxf7 Nxf3 28. Qxb6 axb6 29. gxf3 Rxe1 30. Rxe1 Rxd3 31. fxg4
hxg4 32. Re8+ Ka7 33. Rg8 Bf6 34. Rg6 Rf3 35. Rxg4 Rf1+ 36. Kc2 Rf2+ 37.
Kd3 Bxb2 38. Rf4 Rg2 39. Rf3 Bxa3 40. Ng5 c6 41. Ne4 Bb4 42. Rf2 Rg1 43.
Ke2 Ka6 44. Kf3 b5 45. Rb2 c5 46. cxb5+ Kxb5 47. g4 Kc6 48. g5 Kd5 49. Re2
b5 50. Nf6+ Kd4 51. Ng4 Rf1+ 52. Nf2 Rg1 53. Ng4 Rf1+ 54. Nf2 Rg1 55. Nh3
Rf1+ 1/2-1/2

[Event "Memorial Tal - Blitz"]
[Site "Mosca"]
[Date "05.03.2018"]
[Round "11B"]
[White "Dubov,Daniil"]
[Black "Karjakin,Sergey"]
[Result "0-1"]
[WhiteElo "2701"]
[BlackElo "2763"]
[EventDate "2018.03.02"]

1. c4 Nf6 2. Nc3 e5 3. Nf3 Nc6 4. g3 Bb4 5. Bg2 O-O 6. O-O d6 7. d3 Re8 8.
Na4 d5 9. cxd5 Nxd5 10. Bg5 f6 11. Bd2 Bf8 12. Rc1 Be6 13. a3 a5 14. Qc2
Qd7 15. Nc5 Bxc5 16. Qxc5 Red8 17. Rfd1 Nde7 18. b4 axb4 19. axb4 b6 20.
Qc3 Ra7 21. Ra1 Rda8 22. Rxa7 Rxa7 23. Rc1 Nd8 24. e4 Bg4 25. Be3 Ne6 26.
Nd2 Bh5 27. Bh3 Bf7 28. f4 exf4 29. gxf4 Qb5 30. f5 Nf8 31. d4 Qe2 32. Bf4
g6 33. fxg6 Nfxg6 34. Bg3 Ra2 35. Nf3 Qxe4 36. Re1 Qa8 37. Nh4 Nd5 38. Qf3
Ra3 39. Qe4 Nxb4 40. Qxa8+ Rxa8 41. Nf5 c6 42. Nh6+ Kg7 43. Nxf7 Kxf7 44.
Bd6 Nd5 45. Be6+ Kg7 46. Rc1 Nge7 47. Bxd5 Nxd5 48. Rxc6 Ra4 49. Bc7 Kg6
50. Bd8 b5 51. Rd6 Rxd4 52. Bxf6 Rd1+ 53. Kf2 Kf5 54. Bh8 b4 55. Rh6 Nc3
56. Rxh7 Rd8 57. Rh5+ Ke4 58. Rh4+ Kd3 59. Bg7 Rg8 60. Be5 Re8 61. Bg7 Re2+
62. Kf1 Re7 63. Bh8 Ne4 64. Rh3+ Kc2 65. Rh6 Rc7 66. Rb6 b3 67. h4 Nc3 68.
Be5 Rc5 69. Bd4 Rc4 70. Bf6 b2 71. Kg2 b1=Q 72. Rxb1 Nxb1 73. h5 Rc5 74. h6
Rh5 75. Bg7 Nc3 76. Kf3 Nd5 77. Kg4 Rh1 78. Kf5 Kd3 79. Ke5 Rh5+ 80. Ke6
Ke4 81. Kf7 Kf5 82. Bf8 Nf6 83. Kg7 Rg5+ 84. Kf7 Rg2 85. Be7 Nh7 86. Bc5
Rg6 0-1

[Event "Memorial Tal - Blitz"]
[Site "Mosca"]
[Date "05.03.2018"]
[Round "11B"]
[White "Gelfand,B"]
[Black "Svidler,P"]
[Result "0-1"]
[WhiteElo "2695"]
[BlackElo "2760"]
[EventDate "2018.03.02"]

1. d4 Nf6 2. Nf3 c5 3. d5 b5 4. Bg5 Qb6 5. Bxf6 Qxf6 6. c3 Qb6 7. e4 g6 8.
a4 b4 9. Nbd2 Bg7 10. a5 Qb7 11. Qc2 O-O 12. Bc4 d6 13. O-O Nd7 14. Rfe1
Rb8 15. Qd3 Qc7 16. Qe3 bxc3 17. bxc3 Rb2 18. h3 Bb7 19. Reb1 Rxb1+ 20.
Rxb1 Rb8 21. Ra1 Bc8 22. Ra2 Nf6 23. Qd3 Bd7 24. Qc2 Ne8 25. Bd3 Qd8 26.
Nc4 Nc7 27. Qd2 Rb3 28. Rc2 Nb5 29. e5 Na3 30. Rc1 Nxc4 31. Bxc4 Rb8 32.
Qf4 Be8 33. Re1 dxe5 34. Nxe5 Qd6 35. Qe3 Qxe5 36. Qxe5 Bxe5 37. Rxe5 Rb1+
38. Kh2 Kf8 39. Kg3 Bb5 40. Re4 Bxc4 41. Rxc4 Rb5 42. Ra4 Ke8 43. Kf3 Kd7
44. Ke3 Kd6 45. g4 Rb3 46. Kd3 Kxd5 47. Rf4 f6 48. h4 Ra3 49. h5 Rxa5 50.
hxg6 hxg6 51. g5 f5 52. Rh4 Ra2 53. Ke3 Rc2 54. Rh6 Rxc3+ 55. Ke2 Ke4 56.
Rxg6 Rc2+ 57. Ke1 Kf3 58. Re6 Rxf2 59. Rxe7 Rg2 60. Kf1 Rxg5 61. Re5 Kg4
62. Rxc5 Rg6 63. Ra5 a6 64. Kf2 Rb6 65. Ra2 f4 66. Kg2 Rh6 67. Ra3 Rf6 68.
Kf2 Rb6 69. Ra2 Rh6 70. Ra3 Kf5 71. Ra5+ Kg4 72. Ra3 Rf6 73. Ra4 Kf5 74.
Kf3 Ke5 75. Ra1 Kd4 76. Rd1+ Kc3 77. Ra1 Kd4 78. Ra5 Kc4 79. Ra1 Kb3 80.
Ke2 f3+ 81. Kf2 Kc3 82. Ra4 Kc2 83. Ra5 Kb3 84. Ra1 Kb4 85. Rb1+ Kc4 86.
Ra1 Kb3 87. Ke1 f2+ 88. Kf1 Kc3 89. Ra4 Kb2 90. Ra5 Kc2 91. Ra3 Kb2 92. Ra5
Kc3 93. Ra1 Kb3 94. Rb1+ Ka2 95. Rb4 Ka3 96. Rb1 a5 97. Ra1+ Kb4 98. Rb1+
Kc3 99. Ra1 Rf5 0-1

[Event "Memorial Tal - Blitz"]
[Site "Mosca"]
[Date "05.03.2018"]
[Round "11B"]
[White "Andreikin,D"]
[Black "Anand,V"]
[Result "1/2-1/2"]
[WhiteElo "2712"]
[BlackElo "2776"]
[EventDate "2018.03.02"]

1. Nf3 d5 2. b3 Nf6 3. Bb2 e6 4. c4 c5 5. cxd5 exd5 6. e3 Nc6 7. Bb5 Bd6 8.
d4 O-O 9. dxc5 Bxc5 10. O-O Bg4 11. Bxc6 bxc6 12. Qc2 Ne4 13. Nbd2 Nxd2 14.
Nxd2 Bb6 15. h3 Be6 16. b4 Rc8 17. Bd4 Qd6 18. Bc5 Bxc5 19. bxc5 Qd7 20.
Nf3 Bf5 21. Qc3 Rb8 22. Qe5 f6 23. Qg3 Be4 24. Nd4 Rb4 25. Qd6 Qxd6 26.
cxd6 c5 27. Ne6 Rb6 28. Nxf8 Kxf8 29. Rfd1 c4 30. Rac1 Ke8 31. Rd4 Rb5 32.
f3 Bd3 33. e4 dxe4 34. d7+ Kd8 35. fxe4 Ra5 36. Re1 Re5 37. Kf2 h5 38. Rd5
Rxd5 39. exd5 c3 40. Ke3 Bg6 41. Kd4 c2 42. Kc3 Kxd7 43. Kd2 Bf7 44. Kxc2
Bxd5 45. g3 Bxa2 46. Ra1 Be6 47. Rxa7+ Ke8 48. Rxg7 Bxh3 49. Kd3 Kf8 50.
Ra7 Bg4 51. Ke4 Bh3 52. Kf4 Bg4 53. Ra5 Kf7 54. Rc5 Kf8 55. Ke4 Kf7 56. Kd5
Kf8 57. Rc7 Bh3 58. Kd6 Bg4 59. Rh7 Kg8 60. Re7 Kf8 61. Re4 Kf7 62. Rf4 Bh3
1/2-1/2

[Event "Memorial Tal - Blitz"]
[Site "Mosca"]
[Date "05.03.2018"]
[Round "11B"]
[White "Grischuk,A"]
[Black "Morozevich,A"]
[Result "0-1"]
[WhiteElo "2767"]
[BlackElo "2665"]
[EventDate "2018.03.02"]

1. Nf3 d5 2. b3 Nf6 3. Bb2 g6 4. c4 Bg7 5. g3 O-O 6. Bg2 Nc6 7. cxd5 Nxd5
8. Bxg7 Kxg7 9. d4 Bf5 10. O-O Ndb4 11. Na3 a5 12. Qc1 Be4 13. Rd1 e6 14.
Qb2 Qf6 15. Rd2 Rfd8 16. Rad1 a4 17. Nb5 axb3 18. axb3 Ra2 19. Qc3 Rxd2 20.
Rxd2 Nd5 21. Qb2 Ra8 22. Kh1 Ra5 23. Nc3 Nxc3 24. Qxc3 Rd5 25. Qe3 Bxf3 26.
Bxf3 Rxd4 27. Rc2 Rd6 28. Kg2 e5 29. Rc5 Re6 30. Bd5 Re7 31. Qc3 Nd4 32.
Qe3 Qd6 33. b4 b6 0-1

[Event "Memorial Tal - Blitz"]
[Site "Mosca"]
[Date "05.03.2018"]
[Round "11B"]
[White "Kramnik,V"]
[Black "Artemiev,V"]
[Result "0-1"]
[WhiteElo "2800"]
[BlackElo "2697"]
[EventDate "2018.03.02"]

1. d4 Nf6 2. Nf3 g6 3. g3 b6 4. Bg2 Bb7 5. c4 Bg7 6. O-O O-O 7. Qd3 c5 8.
d5 b5 9. cxb5 Bxd5 10. Nc3 Bb7 11. e4 a6 12. Re1 d6 13. e5 dxe5 14. Qxd8
Rxd8 15. Nxe5 Bxg2 16. Kxg2 axb5 17. Nxb5 Nd5 18. a4 Nb4 19. Bf4 g5 20.
Rad1 Rxd1 21. Rxd1 N8a6 22. Bxg5 Bxe5 23. Bxe7 Bxb2 24. Rb1 Nd3 25. Nd6
Nab4 26. Ne4 Re8 27. Rxb2 Rxe7 28. Re2 Kg7 29. Re3 Nc2 30. Rxd3 Ne1+ 0-1

[Event "Memorial Tal - Blitz"]
[Site "Mosca"]
[Date "05.03.2018"]
[Round "12B"]
[White "Nakamura,Hi"]
[Black "Artemiev,V"]
[Result "1/2-1/2"]
[WhiteElo "2787"]
[BlackElo "2697"]
[EventDate "2018.03.02"]

1. e4 c6 2. d4 d5 3. e5 Bf5 4. h4 h5 5. Bd3 Bxd3 6. Qxd3 Qa5+ 7. Nd2 e6 8.
Ne2 Ne7 9. O-O Nf5 10. Nf3 Qa6 11. Qd1 Be7 12. g3 c5 13. c3 Nc6 14. Be3 Rc8
15. Qd2 cxd4 16. Nexd4 Ncxd4 17. Nxd4 Nxe3 18. Qxe3 g6 19. a4 Qc4 20. Rfc1
O-O 21. b3 Qc7 22. Kg2 a6 23. Nf3 Kg7 24. Rc2 Rfd8 25. Rd1 b5 26. axb5 axb5
27. Qe2 Qb7 28. Kh2 b4 29. cxb4 Rxc2 30. Qxc2 Rc8 31. Qe2 Qxb4 32. Rd3 Rc1
33. Qd2 Qxd2 34. Rxd2 Rc3 35. Kg2 Rxb3 36. Rc2 Rb7 37. Rc8 Ba3 38. Ng5 Bb2
39. f4 Ba3 40. Kf3 Be7 41. Kg2 Rd7 42. Kf3 Bd8 43. Ke2 Bb6 44. Rb8 Ba7 45.
Rc8 Rb7 46. Kf1 Bd4 47. Kg2 Re7 48. Rc6 Rd7 49. Rc8 Bb6 50. Rb8 Ba7 51. Rc8
Bb6 52. Rb8 Bd8 53. Rc8 d4 54. Ne4 d3 55. Rc1 Rd4 56. Kf3 Ba5 57. Ke3 d2
58. Rd1 Rd5 59. Nxd2 f6 60. exf6+ Kxf6 61. Ne4+ Kf5 62. Rb1 e5 63. fxe5
Kxe5 64. Nf2 Bc7 65. Kf3 Ke6 66. Rb3 Rf5+ 67. Kg2 Ra5 1/2-1/2

[Event "Memorial Tal - Blitz"]
[Site "Mosca"]
[Date "05.03.2018"]
[Round "12B"]
[White "Morozevich,A"]
[Black "Kramnik,V"]
[Result "1/2-1/2"]
[WhiteElo "2665"]
[BlackElo "2800"]
[EventDate "2018.03.02"]

1. e4 e5 2. Nf3 Nc6 3. d4 exd4 4. Nxd4 Nf6 5. Nc3 Bb4 6. Nxc6 bxc6 7. Bd3
O-O 8. O-O d5 9. exd5 cxd5 10. h3 c6 11. Qf3 Re8 12. Bg5 Bd6 13. Rfe1 Rxe1+
14. Rxe1 Bd7 15. Bf4 Qb8 16. Bxd6 Qxd6 17. b3 c5 18. Nb5 Bxb5 19. Bxb5 Rd8
20. Qc3 g6 21. Qa5 Qb6 22. Qxb6 axb6 23. Re7 Ne4 24. Rb7 Rd6 25. Bd3 Nc3
26. a4 Kg7 27. h4 h6 28. f3 Re6 29. f4 Rc6 30. Bb5 Re6 31. Kf2 h5 32. Bd3
Kf6 33. Kf3 Na2 34. a5 bxa5 35. Rb5 Rc6 36. Rxa5 Nb4 37. Ke3 Nxd3 38. cxd3
Kf5 39. Kf3 Ke6 40. Rb5 f6 41. b4 cxb4 42. Rxb4 Rc3 43. Ke3 Rc2 44. Rb6+
Kf5 45. g3 Rg2 46. Kf3 Rd2 47. Ke3 Rg2 48. Kf3 1/2-1/2

[Event "Memorial Tal - Blitz"]
[Site "Mosca"]
[Date "05.03.2018"]
[Round "12B"]
[White "Anand,V"]
[Black "Grischuk,A"]
[Result "1/2-1/2"]
[WhiteElo "2776"]
[BlackElo "2767"]
[EventDate "2018.03.02"]

1. e4 e5 2. Nf3 Nc6 3. Bb5 Nf6 4. O-O Nxe4 5. Re1 Nd6 6. Nxe5 Be7 7. Bf1
Nxe5 8. Rxe5 O-O 9. d4 Bf6 10. Re1 Re8 11. Rxe8+ Nxe8 12. c3 d5 13. Bf4 c6
14. Nd2 g6 15. Bd3 Ng7 16. h3 Bf5 17. Bxf5 Nxf5 18. Nf3 Qb6 19. Qd2 Re8 20.
Be5 Qd8 21. Re1 Bxe5 22. Rxe5 Rxe5 23. Nxe5 Qe7 24. Nd3 Nd6 25. Qf4 Kg7 26.
Qe5+ Qf6 27. Kf1 Nc4 28. Qxf6+ Kxf6 29. Ke2 h5 30. g3 Kf5 31. f3 g5 32. g4+
hxg4 33. hxg4+ Kf6 34. b3 Nd6 35. Nf2 Ke6 36. Kd3 f5 37. c4 dxc4+ 38. bxc4
b5 39. cxb5 cxb5 40. Nd1 fxg4 41. fxg4 a5 42. Ne3 Kf6 43. Nd5+ Ke6 44. Nc7+
Kd7 45. Nd5 Ke6 46. Nc7+ Kd7 47. Nd5 1/2-1/2

[Event "Memorial Tal - Blitz"]
[Site "Mosca"]
[Date "05.03.2018"]
[Round "12B"]
[White "Svidler,P"]
[Black "Andreikin,D"]
[Result "1-0"]
[WhiteElo "2760"]
[BlackElo "2712"]
[EventDate "2018.03.02"]

1. Nf3 d5 2. g3 Nf6 3. Bg2 c6 4. O-O Bg4 5. c4 e6 6. Qb3 Qb6 7. Qc2 Nbd7 8.
d3 dxc4 9. dxc4 Bf5 10. Qb3 Bc5 11. Nc3 O-O 12. Na4 Qxb3 13. axb3 Bb4 14.
Nd4 Be4 15. Bxe4 Nxe4 16. Be3 Rfd8 17. Rfd1 Be7 18. Nc2 f5 19. f3 Nef6 20.
b4 Kf7 21. b3 a6 22. Kf2 e5 23. Nc3 Nf8 24. Bc5 Ne6 25. Bxe7 Kxe7 26. h4 h6
27. Na4 g5 28. Ne3 Nd4 29. Rxd4 exd4 30. Nxf5+ Kf7 31. Nxh6+ Kg6 32. hxg5
d3 33. gxf6 Kxh6 34. Nc5 dxe2 35. Kxe2 Kg6 36. Ne4 Rh8 37. g4 Rad8 38. Ra5
Rh2+ 39. Ke3 Rb2 40. Rg5+ Kh6 41. Rg7 Rxb3+ 42. Kf4 Rdd3 43. g5+ Kh5 44.
Ng3+ 1-0

[Event "Memorial Tal - Blitz"]
[Site "Mosca"]
[Date "05.03.2018"]
[Round "12B"]
[White "Karjakin,Sergey"]
[Black "Gelfand,B"]
[Result "1-0"]
[WhiteElo "2763"]
[BlackElo "2695"]
[EventDate "2018.03.02"]

1. b3 e5 2. Bb2 Nc6 3. e3 d6 4. c4 g6 5. Nf3 Bg7 6. Be2 Nf6 7. d4 O-O 8.
O-O Bf5 9. h3 h6 10. a3 Re8 11. d5 Nb8 12. Nc3 Ne4 13. Nxe4 Bxe4 14. Nd2
Bf5 15. b4 a5 16. Bc3 Na6 17. Nb3 axb4 18. axb4 Qg5 19. Kh2 h5 20. Qd2 Be4
21. f3 Bf5 22. e4 Qxd2 23. Bxd2 Bd7 24. c5 dxc5 25. b5 1-0

[Event "Memorial Tal - Blitz"]
[Site "Mosca"]
[Date "05.03.2018"]
[Round "12B"]
[White "Nepomniachtchi,I"]
[Black "Dubov,Daniil"]
[Result "1/2-1/2"]
[WhiteElo "2751"]
[BlackElo "2701"]
[EventDate "2018.03.02"]

1. e4 c5 2. a3 Nc6 3. b4 Nf6 4. b5 Nd4 5. c3 Ne6 6. d3 g6 7. g3 Bg7 8. Bg2
O-O 9. Ne2 a6 10. bxa6 Rxa6 11. O-O d6 12. Nd2 b5 13. Bb2 Ng4 14. d4 cxd4
15. cxd4 Bb7 16. Qb3 Qa8 17. f3 Nf6 18. Qxb5 Rb8 19. Qd3 Rb6 20. Nc4 Ba6
21. Nxb6 Bxd3 22. Nxa8 Bxe2 23. Rfb1 Rxa8 24. a4 Bd3 25. Rc1 Nd7 26. e5
dxe5 27. dxe5 Ndc5 28. f4 Rb8 29. Ba3 Nb3 30. Rab1 Bxb1 31. Rxb1 Ned4 32.
Bxe7 Bf8 33. Bxf8 Kxf8 34. Bd5 Rb4 35. a5 Ne2+ 36. Kf2 Nc3 37. Rxb3 Nxd5
38. Rxb4 Nxb4 39. Ke3 Ke7 40. Ke4 h5 41. h3 Kd7 42. g4 hxg4 43. hxg4 Ke7
44. f5 gxf5+ 45. gxf5 Kd7 46. Kf4 Nd3+ 47. Ke4 Nb4 48. Kf4 Nd3+ 49. Kg5
Nxe5 50. Kf6 Nc6 51. Kxf7 1/2-1/2

[Event "Memorial Tal - Blitz"]
[Site "Mosca"]
[Date "05.03.2018"]
[Round "12B"]
[White "Fedoseev,Vl3"]
[Black "Mamedyarov,S"]
[Result "1-0"]
[WhiteElo "2724"]
[BlackElo "2809"]
[EventDate "2018.03.02"]

1. e4 e6 2. d4 d5 3. Nc3 Bb4 4. e5 c5 5. a3 Ba5 6. b4 cxd4 7. Qg4 Kf8 8.
Nb5 Bc7 9. Qg3 Nc6 10. f4 a6 11. Nxc7 Qxc7 12. Bb2 Nge7 13. Bd3 Nf5 14. Qf2
Bd7 15. Nf3 Nce7 16. g4 Ne3 17. Bxd4 Nxg4 18. Qh4 Nh6 19. Bc5 Nhg8 20. a4
a5 21. Ke2 axb4 22. Bxb4 Rxa4 23. Rxa4 Bxa4 24. Ra1 b5 25. Ra3 Ke8 26. Nd4
Qb6 27. Qf2 Qb7 28. Kd2 Nh6 29. Nxb5 1-0

[Event "Memorial Tal - Blitz"]
[Site "Mosca"]
[Date "05.03.2018"]
[Round "13B"]
[White "Mamedyarov,S"]
[Black "Nakamura,Hi"]
[Result "1/2-1/2"]
[WhiteElo "2809"]
[BlackElo "2787"]
[EventDate "2018.03.02"]

1. Nf3 d5 2. d4 Nf6 3. Bf4 c5 4. e3 Nc6 5. c3 e6 6. Nbd2 Bd6 7. dxc5 Bxc5
8. Bd3 h6 9. Qe2 Nh5 10. Bg3 Nxg3 11. hxg3 Bd7 12. e4 dxe4 13. Nxe4 Be7 14.
g4 Qc7 15. g5 O-O-O 16. gxh6 gxh6 17. O-O-O f5 18. Ng3 Bd6 19. Bc4 e5 20.
Qd3 Bc5 21. Nxf5 e4 22. Qxe4 Rhe8 23. Qg4 Ne5 24. Nxe5 Rxe5 25. Rh5 Rf8 26.
Rxd7 Qxd7 27. Ne7+ Rxe7 28. Rxc5+ Kb8 29. Qxd7 Rxd7 30. f3 Rg7 31. Bf1 Re8
32. Rd5 h5 33. Kd2 h4 34. a4 a6 35. Rd4 h3 36. gxh3 Rg1 37. Be2 Rh1 38. Re4
Rd8+ 39. Kc2 Rxh3 40. a5 Rh2 41. b4 Rf2 42. Kb3 Rd2 43. Bc4 Rxf3 44. Re5
Rff2 45. Bd5 Ka7 46. Kc4 Rf8 47. Kb3 Rc8 48. Bc4 Rc7 49. Rg5 Rh2 50. Re5
Rh4 51. Bd5 Rh3 52. Bc4 Rg3 53. Rf5 Re7 54. Rc5 Ree3 55. Bf7 Re2 56. Bc4
Ree3 57. Bf7 Rg2 58. Ka3 Re1 59. Kb3 Rb1+ 60. Kc4 Rg4+ 61. Kd3 Rb2 62. Be6
Rg6 63. Bf5 Rg5 64. Kc4 Rf2 65. Be4 Rg4 66. Re5 Re2 67. Kd3 Re1 68. Re7
Rexe4 69. Rxe4 Rg7 70. Rf4 Rh7 71. Rg4 Rf7 72. Rh4 Rg7 73. Kc2 Rf7 74. Kb2
Rg7 75. Kb3 Rf7 76. Ka3 Rc7 77. Kb3 Rf7 78. Re4 Rh7 79. Re3 Rg7 80. Rf3 Rh7
81. Rg3 Rf7 82. Rh3 Rg7 83. Rh5 Rf7 84. Rh3 Rg7 85. c4 Rg5 86. Rd3 Rh5 87.
Kc3 Rg5 88. Rd5 Rg3+ 89. Kd4 Rb3 90. Kc5 Rc3 91. Rh5 Rc1 92. Rh4 Rb1 93. b5
axb5 94. cxb5 b6+ 95. axb6+ Kb7 96. Rh7+ Kb8 97. b7 Rg1 98. Kb4 Rg6 99. b6
Rxb6+ 100. Ka5 Rxb7 101. Rxb7+ Kxb7 1/2-1/2